00599nam a2200229 a 4500001001300000003000900013005001700022008004100039020001000080082001400090100001700104245001900121260003500140300000800175500003500183505001000218700001700228902000800245942000700253952009400260999001500354nice12345678IN_TiNIC20260116011404.0050524s1887 alla grp 000 0 urd  ac10000a201bIMA1 aImaddudin, M aIntesabul Imad aAllahabadbMission Pressc1887 a68p aincludes index and biblioraphy2 aIndex1 aImaddudin, M bSRS cBK 00104070aHMIbHMId2007-03-19g100.00l0o201 IMA1p4425r2007-03-19w2026-01-16yARB c1091d1091